LEADER 01041nam a2200229 i 4500 001 000000130985 003 CaOOAMICUS 005 20250710153836.0 008 041109s1972 it u000 u ita u 013 $a103824 040 $aSeMil$bita 100 1 $aAscarelli, Fernanda.$0(OLS)http://semarc/name/54148 245 13$aLe cinquecentine romane :$bcensimento delle edizioni romane del 16. secolo possedute dalle biblioteche di Roma /$cFernanda Ascarelli. 260 $aMilano :$bEtimar,$c1972. 300 $a359 p. ;$c31 cm. 650 4$aRoma - Biblioteche - Cataloghi.$0(OLS)http://semarc/subject/24087 650 4$aCinquecentine - Cataloghi.$0(OLS)http://semarc/subject/159 850 $aSeMil 852 $aSeMil$W1$xVenegono$y1$m3Y VI 16$j259535$B84984$CSeMilBibl$Z2$F88667 $81 996 $6245$aLe cinquecentine romane :$bcensimento delle edizioni romane del 16. secolo possedute dalle biblioteche di Roma$9(OLS)http://semarc/title/192815 996 $6260$aMilano :$bEtimar$9(OLS)http://semarc/publisher/46671 LEADER 01248nam a2200277 i 4500 001 000000350367 003 CaOOAMICUS 005 20220523113128.0 008 220523s2022 it u000 u ita u 013 $a235701 020 $a978-88-922273-8-5 040 $aSeMil$bita 100 1 $aRocchetta, Carlo,$d<1943- >.$0(OLS)http://semarc/name/519 245 13$aIl Kyrios verso il trionfo finale :$bsaggio sistematico di cristocentrismo cosmico per l'oggi della chiesa /$cCarlo Rocchetta. 264 1$aCinisello Balsamo :$bSan Paolo,$c2022. 300 $a252 p. ;$c23 cm 490 1 $aL'abside ;$v93 600 04$aGesł Cristo.$0(OLS)http://semarc/subject/712 650 4$aCristocentrismo.$0(OLS)http://semarc/subject/10800 830 2$aL'abside ;$v93.$0(OLS)http://semarc/title/648 850 $aSeMil 852 $aSeMil$W1$xVenegono$y1$m2IA J 93$j244959$B241404$CSeMilBibl$Z2$F241404 $81 996 $6020$a978-88-922273-8-5$9(OLS)http://semarc/number/295924 996 $6245$aIl Kyrios verso il trionfo finale :$bsaggio sistematico di cristocentrismo cosmico per l'oggi della chiesa$9(OLS)http://semarc/title/440085 996 $6264$aCinisello Balsamo :$bSan Paolo$9(OLS)http://semarc/publisher/30129